[Event "EU-ch U16 Girls 28th"]
[Site "Riga"]
[Date "2018.08.23"]
[Round "4"]
[White "Martinez, Anna"]
[Black "Tiselskaja, Alisa"]
[Result "1/2-1/2"]
[WhiteElo "1881"]
[BlackElo "1442"]
[PlyCount "54"]
[EventDate "2018.08.20"]
[EventType "swiss"]
[EventRounds "9"]
[EventCountry "LAT"]
[SourceTitle "CBM 186 Extra"]
[Source "ChessBase"]
[SourceDate "2018.08.24"]
[SourceVersion "1"]
[SourceVersionDate "2018.08.24"]
[SourceQuality "1"]

1. e4 Nc6 2. d4 e5 3. d5 Nce7 4. Nc3 Ng6 5. Nf3 Nf6 6. h4 h5 7. Bg5 Be7 8. Qd2 d6 9. Bd3 Bg4 10. Nh2 Bd7 11. g3 c6 12. f4 Nh7 13. f5 Bxg5 14. hxg5 Ne7 15. Nf3 g6 16. f6 Nc8 17. dxc6 bxc6 18. Bc4 Qc7 19. 0-0-0 Rb8 20. Bb3 Nf8 21. Rhf1 Ne6 22. Qf2 Nc5 23. Nh4 Bg4 24. Rd2 Nxb3+ 25. axb3 Qa5 26. Nxg6 Rg8 27. Nh4 Rxg5 1/2-1/2

[Event "Wch U16 Girls"]
[Site "Montevideo"]
[Date "2017.09.26"]
[Round "11"]
[White "Malan, Lucia"]
[Black "Tiselskaja, Alisa"]
[Result "1/2-1/2"]
[WhiteElo "1774"]
[BlackElo "1394"]
[PlyCount "46"]
[EventDate "2017.09.17"]
[EventType "swiss"]
[EventRounds "11"]
[EventCountry "URU"]
[SourceTitle "EXT 2018"]
[Source "ChessBase"]
[SourceDate "2017.10.13"]
[SourceVersion "1"]
[SourceVersionDate "2017.10.13"]
[SourceQuality "1"]

1. e4 d5 2. exd5 Qxd5 3. Nc3 Qa5 4. d4 Nf6 5. Bd2 Qb6 6. Nf3 c6 7. a3 Bf5 8. Rb1 Nbd7 9. Bc4 e6 10. 0-0 Bd6 11. b4 Qc7 12. Re1 0-0 13. h3 h5 14. Be3 Nb6 15. Bd3 Bxd3 16. Qxd3 Nbd5 17. Nxd5 cxd5 18. Rbc1 Rfc8 19. Ne5 Ne4 20. c4 Bxe5 21. cxd5 Qd6 22. dxe5 Qxd5 23. Qxd5 exd5 1/2-1/2

[Event "Wch U16 Girls"]
[Site "Montevideo"]
[Date "2017.09.23"]
[Round "8"]
[White "Tiselskaja, Alisa"]
[Black "Cardozo, Camila"]
[Result "1-0"]
[WhiteElo "1394"]
[BlackElo "1456"]
[PlyCount "35"]
[EventDate "2017.09.17"]
[EventType "swiss"]
[EventRounds "11"]
[EventCountry "URU"]
[SourceTitle "CBM 180 Extra"]
[Source "ChessBase"]
[SourceDate "2017.10.06"]
[SourceVersion "1"]
[SourceVersionDate "2017.10.06"]
[SourceQuality "1"]

1. Nf3 Nf6 2. d4 d5 3. c4 e6 4. Nc3 Be7 5. Bf4 0-0 6. e3 b6 7. cxd5 Nxd5 8. Nxd5 Qxd5 9. Bxc7 Qa5+ 10. Nd2 Bb7 11. a3 Na6 12. Be5 Bg5 13. Qg4 Bh6 14. Bd3 Rfe8 15. Rd1 b5 16. 0-0 Kh8 17. Qh4 b4 18. Qxh6 1-0

[Event "Wch U16 Girls"]
[Site "Montevideo"]
[Date "2017.09.22"]
[Round "6"]
[White "Tiselskaja, Alisa"]
[Black "Lauda, Victoria"]
[Result "1-0"]
[WhiteElo "1394"]
[BlackElo "1522"]
[PlyCount "89"]
[EventDate "2017.09.17"]
[EventType "swiss"]
[EventRounds "11"]
[EventCountry "URU"]
[SourceTitle "CBM 180 Extra"]
[Source "ChessBase"]
[SourceDate "2017.10.06"]
[SourceVersion "1"]
[SourceVersionDate "2017.10.06"]
[SourceQuality "1"]

1. Nf3 d5 2. b3 Nf6 3. Bb2 e6 4. e3 Nc6 5. Be2 Be7 6. 0-0 0-0 7. c4 Re8 8. Nc3 a6 9. Rc1 b6 10. cxd5 exd5 11. a3 Bb7 12. b4 Bf8 13. Qc2 Rc8 14. b5 axb5 15. Bxb5 Re7 16. Nxd5 Qxd5 17. Bxc6 Bxc6 18. Qxc6 Qxc6 19. Rxc6 Ne4 20. d3 Nc5 21. d4 Nb7 22. Rfc1 Nd6 23. Rxd6 cxd6 24. Rxc8 Rb7 25. Bc3 f6 26. Bb4 Kf7 27. a4 Be7 28. Kf1 d5 29. Bxe7 Kxe7 30. Rc2 Kd6 31. Rb2 Kc6 32. Rc2+ Kd6 33. Ne1 g6 34. Nd3 g5 35. Nb4 Rc7 36. Rxc7 Kxc7 37. Nxd5+ Kd6 38. Nxb6 Kc6 39. Nc4 Kd5 40. a5 Kc6 41. Ke2 Kb5 42. e4 Kxc4 43. a6 Kb5 44. a7 Kb6 45. a8Q 1-0